000 01616nam a2200325 a 4500
001 000045294
003 DO-SdBNP
005 20250129073605.0
007 ta
008 150225e19621991dr abc gr 001 edspa d
040 _aDO-SdBNP
_bspa
_cBNPHU
082 4 _bG934e
_222
100 _aGuerrero, Miguel,
_d1945-
_914303
245 1 0 _aEnero de 1962 :
_b¡el despertar dominicano! /
_cMiguel Guerrero ; prólogo, Juan Daniel Balcácer.
250 _a2da.
260 _aSanto Domingo :
_bMograf,
_c1991
300 _a294 p. :
_bil., mapas, ret. ;
_c20 cm.
490 1 _aHistoria y cultura
500 _aIncluye datos biográficos del autor en la solapa de la contracubierta.
504 _aBibliografía : p. 277-280
505 0 _aUna misión ingrata --
_t¡Qué manera de iniciar un año! --
_tSe afianzan las libertades --
_tPonen fin a las sanciones --
_t¿Qué puede ser pero que un temblor de tierra? --
_tLa matanza del Parque Independencia --
_tLa ciudad arde por doquie --
_tLa noche del primer golpe --
_tUna llamada nocturna --
_tDos hombres solitarios --
_tLa noche del segundo golpe --
_tEl camino del exilio --
534 _aEnero de 1962 ¡El despertar dominicano!
_bMiguel Guerrero.
_cMograf, S. A., Taller Gráfico.
590 _aInventariado, 2018/BT
650 4 _953410
_aMasacre
_xHistoria
_ySiglo XX
_zRepública Dominicana
650 4 _945268
_aViolencia Política
_xHistoria
_ySIiglo XX
_zRepública Dominicana
651 4 _9479
_aRepública Dominicana
_vHistoria- Masacre
_xPolítica y Gobierno
_y1961
700 1 2 _aBalcácer, Juan Daniel,
_d1949-
_epról.
_96566
910 _aMFeliz
942 _2ddc
_cLBS1
999 _c44783
_d44783